Loading...
| History - World | 0 | 8 | 0 | 0 | 80 | 39 | 76.75 | 3 | 4 | 0.00 | 0.00 |
| Science - Biology | 0 | 7 | 2 | 0 | 60 | 45 | 68.86 | 3 | 6 | 0.00 | 0.00 |
| Science - Chemistry | 0 | 7 | 2 | 0 | 60 | 20 | 65.43 | 3 | 5 | 0.00 | 0.00 |
| History - American | 0 | 6 | 0 | 0 | 60 | 37 | 77.17 | 1 | 4 | 0.00 | 0.00 |
| Literature - British | 0 | 5 | 0 | 2 | 50 | 70 | 111.20 | 0 | 1 | 0.00 | 0.00 |
| Religion | 0 | 5 | 1 | 0 | 45 | 79 | 90.40 | 2 | 4 | 0.00 | 0.00 |
| Literature - World | 0 | 4 | 0 | 0 | 40 | 79 | 110.00 | 0 | 0 | 0.00 | 0.00 |
| Science - Other | 0 | 4 | 0 | 2 | 40 | 96 | 113.75 | 0 | 1 | 0.00 | 0.00 |
| Fine Arts - Other | 0 | 3 | 0 | 0 | 30 | 114 | 120.67 | 0 | 0 | 0.00 | 0.00 |
| Literature - American | 0 | 3 | 1 | 0 | 25 | 56 | 82.67 | 0 | 2 | 0.00 | 0.00 |
| History - Other | 0 | 2 | 0 | 1 | 20 | 81 | 105.00 | 0 | 1 | 0.00 | 0.00 |
| Philosophy | 0 | 2 | 0 | 1 | 20 | 102 | 113.50 | 0 | 0 | 0.00 | 0.00 |
| Science - Physics | 0 | 1 | 0 | 0 | 10 | 118 | 118.00 | 0 | 0 | 0.00 | 0.00 |
| Geography | 0 | 1 | 0 | 1 | 10 | 126 | 126.00 | 0 | 0 | 0.00 | 0.00 |
| Mythology | 0 | 1 | 0 | 0 | 10 | 106 | 106.00 | 0 | 0 | 0.00 | 0.00 |
| Current Events | 0 | 1 | 0 | 1 | 10 | 120 | 120.00 | 0 | 0 | 0.00 | 0.00 |
| Fine Arts - Painting and Sculpture | 0 | 1 | 1 | 1 | 5 | 123 | 123.00 | 0 | 0 | 0.00 | 0.00 |